Marathi for begininers : (Record no. 127763)

MARC details
000 -LEADER
fixed length control field 00639nam a22002177a 4500
005 - DATE AND TIME OF LATEST TRANSACTION
control field 20170124110030.0
010 ## - LIBRARY OF CONGRESS CONTROL NUMBER
LC control number A-725129
020 ## - INTERNATIONAL STANDARD BOOK NUMBER
Terms of availability 50.00
035 ## - SYSTEM CONTROL NUMBER
System control number A-725129
037 ## - SOURCE OF ACQUISITION
Source of stock number/acquisition Cen Lib/Ret
040 ## - CATALOGING SOURCE
Original cataloging agency DPL
Language of cataloging EN
082 ## - DEWEY DECIMAL CLASSIFICATION NUMBER
Classification number 461
Item number NEM
100 ## - MAIN ENTRY--PERSONAL NAME
Personal name Nemade, Bhalchandra
9 (RLIN) 21469
245 ## - TITLE STATEMENT
Title Marathi for begininers :
Statement of responsibility, etc by Bhalchandra Nemade
Remainder of title an intensive course in spoken marathi /
260 ## - PUBLICATION, DISTRIBUTION, ETC. (IMPRINT)
Place of publication, distribution, etc Aurangabad
Name of publisher, distributor, etc Saket prakashan
Date of publication, distribution, etc 1994
270 ## - ADDRESS
Address Aurangabad
City Aurangabad
300 ## - PHYSICAL DESCRIPTION
Extent 102p.
Dimensions 21cm(Hb)
650 ## - SUBJECT ADDED ENTRY--TOPICAL TERM
Topical term or geographic name as entry element Linguistics
9 (RLIN) 112699
650 ## - SUBJECT ADDED ENTRY--TOPICAL TERM
Topical term or geographic name as entry element Teaching languages
9 (RLIN) 21471
942 ## - ADDED ENTRY ELEMENTS (KOHA)
Source of classification or shelving scheme Dewey Decimal Classification
Koha item type English Books
Classification part 461
Call number suffix NEM
Holdings
Withdrawn status Lost status Damaged status Not for loan Home library Current library Date acquired Source of acquisition Cost, normal purchase price Total Checkouts Total Renewals Full call number Barcode Date last seen Date checked out Copy number Cost, replacement price Price effective from Koha item type
        Central Library Central Library 30/06/2015 Cen Lib/Ret 0.00 2 1 461 NEM A-725129 19/09/2018 07/09/2018 1 0.00 30/06/2015 English Books

© Delhi Public Library
Hit Counter
free hit counter